| 000 | 00562nam a2200169 i 4500 | ||
|---|---|---|---|
| 001 | 61879 | ||
| 003 | ES-MaACL | ||
| 005 | 20230906164549.0 | ||
| 007 | t| | ||
| 008 | 031114s1969 sp ||||1| spa d | ||
| 100 | 1 |
_aFauchet, André, _cEvêque de Troyes. _9170986 |
|
| 245 | 1 | 0 |
_aEscuchar a los hombres para responder a Dios _b: hacia un diálogo mejor / _cAndré Fauchet ; [versión por José Sagastume]. |
| 260 |
_aBilbao : _bMensajero, _c[1969] |
||
| 300 |
_a117 p. ; _c20 cm. |
||
| 700 | 1 |
_aSagastume, José. _9101428 |
|
| 852 |
_aES-MaACL _jC-51582 _bR.71221 |
||
| 999 |
_c61879 _d61879 |
||